000
00274nam a22001217a 4500
008
180806b xxu||||| |||| 00| 0 eng d
082
_a
813.52
245
_a
Children's Encyclopedia
_c
Indeo
260
_c
1997
300
_a
1
_f
CD
440
_x
635517022346
942
_2
ddc
_c
MX
999
_c
46842
_d
46842